上网买股票赚钱秘笈 (Record no. 54626)

000 -LEADER
fixed length control field 00473nam a22001817a 4500
003 - CONTROL NUMBER IDENTIFIER
control field MPLRDC
005 - DATE AND TIME OF LATEST TRANSACTION
control field 20220104155712.0
008 - FIXED-LENGTH DATA ELEMENTS--GENERAL INFORMATION
fixed length control field 210129b ||||| |||| 00| 0 eng d
020 ## - INTERNATIONAL STANDARD BOOK NUMBER
International Standard Book Number 983-2946-12-1
082 ## - DEWEY DECIMAL CLASSIFICATION NUMBER
Classification number 312.96 FZZXW
100 ## - MAIN ENTRY--PERSONAL NAME
Personal name 方正资讯网编
245 ## - TITLE STATEMENT
Title 上网买股票赚钱秘笈
Statement of responsibility, etc.
250 ## - EDITION STATEMENT
Edition statement 初版
260 ## - PUBLICATION, DISTRIBUTION, ETC.
Place of publication, distribution, etc. 马来西亚
Name of publisher, distributor, etc. 方正资讯网出版
Date of publication, distribution, etc. 2002
300 ## - PHYSICAL DESCRIPTION
Other physical details
650 ## - SUBJECT ADDED ENTRY--TOPICAL TERM
Topical term or geographic name entry element 微程式设计与程式
942 ## - ADDED ENTRY ELEMENTS (KOHA)
Koha item type Book
-- 312.96 FZZXW
Holdings
Withdrawn status Lost status Source of classification or shelving scheme Damaged status Not for loan Collection code Home library Current library Shelving location Date acquired Cost, normal purchase price Total Checkouts Total Renewals Full call number Barcode Date last seen Date last checked out Price effective from Koha item type Public note
            Malaysian Public Library, Research and Development Centre Malaysian Public Library, Research and Development Centre   10/12/2007 6.00   2 312.96 FZZXW 00054815 18/03/2021 10/08/2014 18/03/2021 Book mplrdc

© 2022. Malaysian Public Library, Research and Development Centre. All Right ReservedE-mailmplrdc@help.edu.my 

Powered by Koha